Countries and World Capitals Starting with G - Statistics

General Stats
  • This quiz has been taken 216 times
  • The average score is 11 of 15
Answer Stats
country / capital % Correct
Guatemala
91%
Germany
87%
Guinea
85%
Guyana
85%
Gabon
83%
Ghana
83%
Guinea-Bissau
81%
Greece
77%
Gambia
76%
Georgia
75%
Grenada
75%
Georgetown
73%
Gaborone
71%
Guatemala City
71%
Greenland
26%
No matching quizzes found
Score Distribution
Percent of People with Each Score
Percentile by Number Answered
Your Score History
You have not taken this quiz